| 000 | 00977cam a22001934a 4500 | ||
|---|---|---|---|
| 005 | 20250605164337.0 | ||
| 008 | 250528s ||||||||||||||||||||||||d | ||
| 035 | _a23483 | ||
| 040 |
_aGR-AtMCL _bgre _dGR-AtMCL _eAACR2 |
||
| 245 | 1 | _aModern Technologies for an Integrated Warehouse Management System | |
| 260 | _c2016 | ||
| 300 | _a30 | ||
| 520 | _aIntroduction, Warehouse Management Systems, Local Area Networks, Local Area Wireless Networks, Wireless Identification Systems, Databases, Bluetooth BLE and Mobile Applications, Thesis Objectives and Important Applications of this Project, Methodology, System Hardware Requirements, System Software Requirements, System Proposed Architecture, Integration and Results, Warehouse Management System Software Integration, Conclusions and Suggestions for Further Development, References. | ||
| 700 | 1 |
_aKatsigiannis Dimitrios _99048 |
|
| 700 | 1 |
_aLyras Nikolaos _99049 |
|
| 942 | _cDS | ||
| 999 |
_c8493 _d8493 |
||